000 00554cam a22002053a 4500
001 40512
003 PGUSA
005 20140828083914.0
008 120815s2012||||xxu|||||s|||||000 | eng d
040 _aPGUSA
_beng
042 _adc
100 1 _aAlkio, Santeri,
_d1862-1930
245 1 0 _aEeva
_h[electronic resource] /
_cSanteri Alkio
260 _bProject Gutenberg,
_c2012
506 _aPublic domain in the USA.
516 _aElectronic text
830 0 _aProject Gutenberg
_v40512
856 4 0 _uhttp://www.gutenberg.org/ebooks/40512
942 _cEB
999 _c269765
_d269765